Provinciehoofdsteden België - Statistics

General Stats
  • This quiz has been taken 118 times
  • The average score is 10 of 11
Answer Stats
Hint Answer % Correct
Antwerpen Antwerpen
99%
Brussel/Bruxelles Brussel/Bruxelles
99%
West-Vlaanderen Brugge
97%
Oost-Vlaanderen Gent
96%
Liège Liège
96%
Limburg Hasselt
94%
Namur Namur
94%
Vlaams-Brabant Leuven
86%
Hainaut Mons
78%
Luxembourg Arlon
72%
Brabant wallon Wavre
68%
No matching quizzes found
Score Distribution
Percent of People with Each Score
Percentile by Number Answered
Your Score History
You have not taken this quiz